Создание дизайна ПЭТ бутылок для прохладительных напитков при помощи варьирования параметров модели в САПР; Современные техника и технологии; Т. 3

Bibliografske podrobnosti
Parent link:Современные техника и технологии: сборник трудов XVI Международной научно-практической конференции студентов, аспирантов и молодых ученых, Томск, 12-16 апреля 2010 г/ Национальный исследовательский Томский политехнический университет (ТПУ).— , 2010
Т. 3.— 2010.— [С. 239-240]
Glavni avtor: Будянская Н. С.
Drugi avtorji: Дронов В. В. (научный руководитель)
Izvleček:Заглавие с титульного листа
Электронная версия печатной публикации
Jezik:ruščina
Izdano: 2010
Teme:
Online dostop:http://www.lib.tpu.ru/fulltext/c/2010/C01/V1/112.pdf
Format: Elektronski Book Chapter
KOHA link:https://koha.lib.tpu.ru/cgi-bin/koha/opac-detail.pl?biblionumber=235996

MARC

LEADER 00000naa2a2200000 4500
001 235996
005 20260105160838.0
035 |a (RuTPU)RU\TPU\book\257141 
035 |a RU\TPU\book\257129 
090 |a 235996 
100 |a 20130418d2010 k y0rusy50 ca 
101 0 |a rus 
102 |a RU 
135 |a drnn ---uucaa 
181 0 |a i  
182 0 |a b 
200 1 |a Создание дизайна ПЭТ бутылок для прохладительных напитков при помощи варьирования параметров модели в САПР  |f Н. С. Будянская  |g науч. рук. В. В. Дронов 
203 |a Текст  |c электронный 
215 |a 1 файл (364 Кб) 
300 |a Заглавие с титульного листа 
300 |a Электронная версия печатной публикации 
337 |a Adobe Reader 
461 0 |0 (RuTPU)RU\TPU\book\245271  |t Современные техника и технологии  |o сборник трудов XVI Международной научно-практической конференции студентов, аспирантов и молодых ученых, Томск, 12-16 апреля 2010 г  |o в 3 т.  |f Национальный исследовательский Томский политехнический университет (ТПУ)  |d 2010 
463 0 |0 (RuTPU)RU\TPU\book\255783  |t Т. 3  |v [С. 239-240]  |d 2010 
610 1 |a электронный ресурс 
610 1 |a труды учёных ТПУ 
610 1 |a бутылки 
610 1 |a дизайн 
610 1 |a прохладительные напитки 
610 1 |a САПР 
610 1 |a моделирование 
610 1 |a варьирование 
610 1 |a технологические параметры 
610 1 |a полиэтилен 
610 1 |a геометрические изображения 
700 1 |a Будянская  |b Н. С. 
702 1 |a Дронов  |b В. В.  |4 727 
801 1 |a RU  |b 63413507  |c 20130213 
801 2 |a RU  |b 63413507  |c 20130522  |g RCR 
856 4 |u http://www.lib.tpu.ru/fulltext/c/2010/C01/V1/112.pdf 
942 |c CF